000 00280nam a22001337a 4500
008 170911b xxu||||| |||| 00| 0 eng d
020 _a2900077314421
041 _aeng
080 _a52
100 _a42
101 _aAST
245 _aASTRONOMY
_cSCNEIDER.S.E
942 _2udc
_cBK
999 _c27051
_d27051